000 00281nam a2200109Ia 4500
008 190216s9999||||xx |||||||||||||| ||und||
100 _aPatil V A&Amp; Korlahall Js
245 0 _aPrinciples And Practice Of Book-Keeping
260 _bKalyani Pub
_c1973
300 _a950p
942 _cBK
999 _c4590
_d4590